Schweden A-Z - Statistiken

Allgemein
  • Dieses Quiz wurde 194 mal gespielt
  • Das Durchschnittsergebnis liegt bei 15 aus 29
Antwortstatistiken
# Hinweis Antwort % Korrekt
I Schwedisches Möbelgeschäft IKEA
96%
F Nachbarland Finnland
95%
N Nachbarland Norwegen
94%
D Land auf der gegenüberliegenden Seite des Öresund Dänemark
92%
S Hauptstadt Stockholm
92%
O Schweden grenz an dieses Meer Ostsee
90%
M Drittgrößte Stadt Malmö
88%
G Größte Insel Gotland
82%
C König {Carl} XVI. Gustaf
75%
Z Schweden blieb in diesem Krieg neutral Zweiter Weltkrieg
75%
W Gruppen von Kriegern, Siedlern und Händlern aus Schweden Wikinger
74%
E Von 1561-1710/21 in Personalunion mit Schweden regiertes Land Estland
69%
B Meerbusen im Nordosten {Bottnischer} Meerbusen
62%
A König 1611-1623 Gustav II. {Adolf}
54%
U Größte Stadt Nordschwedens Umeå
50%
Ö Zweitgrößte Insel Öland
44%
R Schwedische #W gründeten dieses ostslawische Herrschaftsgebilde Kiewer {Rus}
38%
V Bedeutende Hansestadt auf #G Stützpunkt der als Vitalienbrüder bekannten Piratenbanden in den 1390er-Jahren Visby
38%
K Gewässer westlich von Schweden Kattegat
31%
Q Hobby-Detektiv & Kinderbuch-Figur von Astrid Lindgren Deutsche Schreibweise Enthält ein Q Kalle Blomquist
28%
Å Region in Südschweden Schonen Enthält ein Å Skåne
28%
Y Stadt an der Südküste Schwedens Ystad
27%
T Südlichste Stadt Schwedens Trelleborg
26%
J Provinz in Nordwestschweden Jämtland
16%
L #A starb in dieser Schlacht Schlacht bei {Lützen}
11%
X Schwedischer Hochgeschwindigkeitszug SJ {X2} | {X2000}
10%
Ä Schwedisch für Fluss Älv
9%
P Brüder die die Reformation nach Schweden brachten Olavus & Laurentius {Petri} | Olavus & Laurentius {Petersson}
8%
H Viertgrößter See Hjälmaren
4%
Keine übereinstimmenden Quizze gefunden
Verteilung der Resultate
Anzahl Personen mit jedem Resultat
Perzentil nach korrekt beantworteten Fragen
Ihre Resultats-Entwicklung
Sie haben dieses Quiz noch nicht gespielt